| 000 | 00662nam a22001697a 4500 | ||
|---|---|---|---|
| 999 |
_c11589 _d11589 |
||
| 008 | 181212b ||||| |||| 00| 0 eng d | ||
| 082 |
_22018 _aUT 1088 _bC15 |
||
| 100 |
_aCampomayor, John Paul B. _933218 |
||
| 245 |
_aRole of cctv in business establishments : _bowner's perspective / _cJohn Paul B. Campomayor, Jimford O. Lanticse, and JR J. Pelantes |
||
| 260 |
_aDigos City: _bUMDC _cApril 2018. |
||
| 300 |
_a47 pages ; _c29 cm. |
||
| 650 |
_aCriminal Justice Education _vCriminology _xUndergraduate Thesis. _933107 |
||
| 700 |
_aCampomayor, John Paul B. _933218 |
||
| 700 |
_aLanticse, Jimford O. _933219 |
||
| 700 |
_aPelantes, JR J. _933220 |
||
| 942 |
_2ddc _cUT |
||